| 000 | 01042nam a22003137a 4500 | ||
|---|---|---|---|
| 003 | CHAP | ||
| 005 | 20220329135204.0 | ||
| 008 | 971013s1985 r 00010 d | ||
| 010 | _a32356 | ||
| 011 | _a33328 | ||
| 035 | _a37443 | ||
| 040 | _cCHAP | ||
| 090 | _aTesis | ||
| 100 | 0 | 0 |
_aCruz Hernández, Alejandro. _929418 |
| 245 | _aAnálisis de investigación sobre bovinos en el trópico mexicano (1950-1980) | ||
| 260 |
_aChapingo, Méx. : _bEl autor, _c1985 |
||
| 300 | _aca. 250 p. | ||
| 502 | _aTesis (Ing. Agr. Esp. en Sociología Rural) -- UACH. Departamento de Sociología Rural | ||
| 590 |
_aALEPH _b10 _c20130110 _lUCH01 _h1255 |
||
| 590 |
_aBATCH-UPD _b10 _c20130110 _lUCH01 _h1300 |
||
| 590 |
_aBATCH-UPD _b10 _c20130410 _lUCH01 _h0818 |
||
| 590 |
_aBATCH-UPD _b10 _c20130914 _lUCH01 _h1524 |
||
| 590 |
_aCONVERSION _b10 _c20130109 _lUCH01 _h1318 |
||
| 650 | 1 | 4 |
_aGanado vacuno _xMéxico. _945492 |
| 650 | 1 | 4 |
_aGanado vacuno _xTrópicos. _945522 |
| 901 | _aBK | ||
| 942 | _cTESIS | ||
| 949 |
_bBC _cTES _d-85884 _eTS1 _h17550 _i37443 _si |
||
| 999 |
_c32356 _d32356 |
||